000 00525nam a2200205Ia 4500
008 220204s9999 xx 000 0 und d
082 _a581.1
_bMEY
100 _aAnderson, Donald B
245 0 _aPlant physiology
250 _aEd.2
260 _aDelhi
_bAffiliated East West
_c1952
650 _aGrowth productivity
650 _aPhotosynthesis
650 _aPlant hormone
650 _aPlant physiology
650 _aSoil water relations
650 _aWater relation
700 _aMeyer, Bernard S
942 _cBK
999 _c20894
_d20894